000 00611cam a2200229ua 4500
020 _a81-7371-426-6
_cRs 330.00
041 _aeng
_h
082 _a630.01
_bSAN/AG
100 _aSantaniello, V.
245 0 0 _aAgriculture and intellectual property rights /
_cV Santaniello.
_hTextual Documents
250 _a1 /
_b.
260 _aHyderabad :
_bUniversities press India Pvt Ltd ,
_c2003.
300 _a259 ; .
365 _aRs 330.00
500 _a* CSS
504 _a
700 1 _aCarlson, G A.
700 1 _aEvenson, R E.
700 1 _aZibberman, D.
942 _cBK
999 _c1434
_d1434